000 00416nam a22001697a 4500
005 20180809104802.0
008 160514b xxu||||| |||| 00| 0 eng d
020 _a978-81-8054-2
041 _aeng
082 _b2221
_a658.3
100 _a Prasad, L.M.
_9431
245 _aHuman Resource Management
260 _aNew Delhi
_bSultan Chand & Sons.
_c2009
300 _a779p,
650 _aManagement
_9241
942 _cBK
999 _c818
_d818